Leksykon naukowo - techniczny z suplementem A-O
Na minha lista:
| Formato: | Livro |
|---|---|
| Idioma: | polonês |
| Publicado em: |
Warszawa
Wyd. Naukowo-Techniczne
1989
|
| Edição: | 4. popraw. wyd. |
| Tags: |
Sem tags, seja o primeiro a adicionar uma tag!
|
MARC
| LEADER | 00000nam a2200000 4500 | ||
|---|---|---|---|
| 001 | c025504 | ||
| 005 | 20221206131422.7 | ||
| 041 | 0 | |a pol | |
| 044 | |a PL | ||
| 245 | 1 | 0 | |a Leksykon naukowo - techniczny z suplementem A-O |
| 250 | |a 4. popraw. wyd. | ||
| 264 | 1 | |a Warszawa |b Wyd. Naukowo-Techniczne |c 1989 | |
| 300 | |a 631 s. | ||